000 00729nam a22001937a 4500
005 20240111162224.0
010 _aB-756523-527
020 _a9788126018727
_c300.00
035 _aB-756523-527
037 _aBookwell Publicaton
082 _a820
100 _aNaik, M K
_960902
245 _aA History of Indian English Literature/
_cBy M K Naik
260 _aNew Delhi
_bSahitya Akademi
_c2023
270 _aRabindra Bhavan,35 Ferozeshah Road
_bNew Delhi
_e110001
300 _a334p.
_c21cm(Pbk)
942 _2ddc
_cEN
_h820
_mNAI
999 _c199946
_d199946